000 00623nam a2200253 a 4500
003 AR-BaBNM
005 20251128203842.0
008 082120s2002 ||||||||||||||000 | spa||
040 _cAR-BaBNM
245 0 0 _aSarmiento ante la posteridad
260 _aBuenos Aires
_bCactus
_c1961
300 _a250 p.
_bil., lams.
650 4 _aHISTORIA ARGENTINA
650 4 _aBIOGRAFIAS
650 4 _aHISTORIA DE LAS IDEAS
650 4 _aCULTURA
650 4 _aEDUCACION
650 4 _aFOLKLORE
651 4 _aEstados Unidos
655 _aBIOGRAFIAS
700 1 _aJorba, Josefa E.
_edirector
942 _cBK
998 _cEnrique
999 _c5184
_d5184